000 01078nam1a22002651 4500
001 v19\rc\1863428
005 20260407113628.0
035 _a(NLR Aleph) 004951130
090 _a5883742
_c5883742
100 _a20251123 rusy50
101 0 _arus
102 _aRU
105 _ay j |||||
200 1 _aСборник сведений о специальных капиталах ученых учреждений и учебных заведений ведомства Министерства народного просвещения
_e(Отд. 4 сметы спец. средств). Вып. 1-
210 _aСанкт-Петербург
_cМ-во нар. просвещения
_d1909-1916
215 _d23
710 0 1 _aРоссия
_bМинистерство народного просвещения
_3RU\NLR\AUTH\889944176
_9383530
801 0 _aRU
_bNLR
_gpsbo
801 0 _aRU
_bRuMoRGB
_2psbo
801 1 _aRU
_bProSoft-M
_2rusmarc
852 _aNLR
_jШифры разные
899 _aRuMoRGB
_jU 51/477
899 _aБАН
942 _cBOOK
980 _aNB